000 00454nam a22001817a 4500
003 MPLRDC
005 20220104124149.0
008 210129b ||||| |||| 00| 0 eng d
082 _a539.52 SZ
100 _a宋哲 编
245 _a西藏民间故事
_c
250 _a五版
260 _a香港
_b香港宏业书局
_c1975
300 _b199
490 _a中国民间文学丛书
650 _a民间故事--中国西藏
942 _cBK
_o539.52 SZ
999 _c17140
_d17130